banner-ar

الضوضاء / (Record no. 35119)

MARC details
000 -الفاتح
حقل البيانات ثابتة الطول 00767nam a2200253Ia 4500
008 - عناصر البيانات ثابتة الطول - معلومات عامة
حقل البيانات ثابتة الطول 140319s9999 xx 000 0 ara d
040 ## - مصدر الفهرسة
وكالة الفهرسة الأصلية GCL /
وكالة النسخ GCL
082 04 - رقم تصنيف ديوى العشرى
رقم التصنيف 301.31
رقم المادة ك ض
100 1# - المدخل الرئيسى - إسم شخصى
الإسم الشخصى كلاربوت, مارى
245 10 - بيان العنوان
العنوان الضوضاء /
بيان المسئوليه,etc كلاربوت, مارى
700 1# - المدخل الاضافى - اسم شخصى
الإسم الشخصى شوشول، رينية
700 1# - المدخل الاضافى - اسم شخصى
الإسم الشخصى نادية الجندى
700 1# - المدخل الاضافى - اسم شخصى
الإسم الشخصى ناجى سمير شحاتة
260 ## - PUBLICATION, DISTRIBUTION, ETC. (IMPRINT)
تاريخ النشر أو التوزيع 1991
300 ## - الوصف المادى
التعداد 145 ص
490 ## - بيان السلسلة
عنوان السلسلة المكتبة العالمية
رقم المجلد/ التعيين التسلسلي 0
650 04 - المدخل الاضافى بالموضوع-مصطلح موضوعى
مصطلح موضوعي البيئة
650 04 - المدخل الاضافى بالموضوع-مصطلح موضوعى
مصطلح موضوعي تلوث البيئة
650 04 - المدخل الاضافى بالموضوع-مصطلح موضوعى
مصطلح موضوعي حماية البيئة
650 04 - المدخل الاضافى بالموضوع-مصطلح موضوعى
مصطلح موضوعي الاجتماع
650 04 - المدخل الاضافى بالموضوع-مصطلح موضوعى
مصطلح موضوعي السلوك الاجتماعى
942 ## - عناصر المدخل الإضافي( كوها)
مصدر التصنيف او مخطط الترفيف Dewey Decimal Classification
Koha [default] item type كتاب
260 ## - PUBLICATION, DISTRIBUTION, ETC. (IMPRINT)
-- [S.N] :
-- دار المستقبل العربى ،
Holdings
حالة التراجع حالة الفقد حالة تلف ليس للاعارة المكان المؤقت الموقع الحالى تاريخ الاكتساب اجمالي اﻻعارات رقم الطلب الباركود تاريخ اخر مشاهدة تاريخ تفعيل السعر نوع وعاء كوها
        مكتبة القاهرة الكبرى مكتبة القاهرة الكبرى 03/26/2014   301.31\ك ض 85356 03/26/2014 03/26/2014 كتاب

Powered By

EGPV